000 00795nam a2200241 i 4500
001 149539
003 ES-MaACL
005 20240419104733.0
007 t|
008 210901s2016 sp 0001p spa d
020 _a978-84-16250-72-1
080 _a821.134.2-14"19"
100 1 _aAmor del Olmo, Rosa,
_d1963-
_9137798
245 1 0 _aTánger, el silencio y las sombras /
_cRosa Amor del Olmo ; [prólogo de Enrique Gracia Trinidad].
260 _a[Madrid] :
_bIsidora,
_c[2016]
300 _a91 p. :
_b1 retr. autora ;
_c21 cm.
490 1 _aPoesía
700 0 _aGracia Trinidad, Enrique,
_d1950-
_959477
830 1 _aPoesía
_9177794
852 4 _aES-MaACL
_jA-14764
_9154921
_bR.151153
_cDEPO1
_dOlim: N-7764
_hDonación: Editorial
942 _2udc
999 _c149539
_d149539